| 000 | 01273nam a22003017i 4500 | ||
|---|---|---|---|
| 999 |
_c22790 _d22790 |
||
| 003 | AR-CdUCM | ||
| 008 | 240313b20212021pe ||||| |||| 00| 0 eng d | ||
| 020 | _a978-9972-726-37-8 | ||
| 040 |
_aMUNICIPALIDAD PROVINCIAL DEL CUSCO _cBIBLIOTECA MUNICIPAL DEL CUSCO |
||
| 041 | _hspa | ||
| 082 |
_a985.2 / O72 _bO72 |
||
| 100 |
_aOrrego, Juan Luis _949461 |
||
| 245 |
_aLima: Historia y Ciudadanía : _bBicentenario de la Independencia del Perú / |
||
| 260 |
_aLima : _bMunicipalidad Metropolitana de Lima, _c2021 |
||
| 300 |
_a169 páginas. : _c30 cm. |
||
| 500 | _zBibliografía: páginas 160-161 | ||
| 505 | _aActa de la independencia -- Catedral de Lima -- Plano de Lima Ciudad de los Reyes -- Grabado de Ignacio Merino -- Samacueca -- Municipalidad de Lima -- Plano de Lima -- Mercado central de Lima -- El Teatro Colon -- Casa para obreros -- Luis Bedoya Reyes Alcalde de Lima. | ||
| 650 |
_aIndependencia del Perú _912556 |
||
| 650 |
_aPlano de Lima _949462 |
||
| 650 |
_aHospital Dos de Mayo de Lima _949463 |
||
| 650 |
_aMuseo Bolivariano _949464 |
||
| 650 |
_aHospital de mujeres _949465 |
||
| 650 |
_aEl tren eléctrico _949466 |
||
| 650 |
_aPalacio de Tagle _949467 |
||
| 856 | _fwww.munlima.gob.pe | ||
| 942 |
_2ddc _cLIBROS |
||
| 945 |
_apbj _d13-03-2024 |
||